00864cam a2200253 i 450000100060000000300080000600500170001400800410003103500200007204000270009204100080011908200260012710000400015324500640019325000120025726000470026930000600031650000200037650400300039665000350042665000490046165100570051065100430056726498BD-RjUL20211209051027.0140322s1976 ii abf b 001 0 eng d a(BD-RjUL) 26568 aDLCcDLCdBD-RjULbeng aeng00a954.14219bMUP 19761 aMukhopadhyaya, Samkarananda,d1932-12aA profile of Sundarban tribes /cSankarananda Mukhopadhyay. a1st ed. aCalcutta :bFirma KLM Private Ltd.,c1976. avi, 104 p., [2] leaves of plates :bill., map ;c22 cm. aIncludes index. aBibliography: p. [97]-99. 0aEthnologyzIndiazWest Bengal. 0aEthnologyxSundarbans (Bangladesh and India) 0aSundarbans (Bangladesh and India)xScheduled tribes. 0aWest Bengal (India)xScheduled tribes.